Geographical information systems and science
Zapisane w:
| Główni autorzy: | , , , |
|---|---|
| Format: | Książka |
| Język: | angielski |
| Wydane: |
Chichester
John Wiley & Sons
2005
|
| Wydanie: | 2a. ed |
| Hasła przedmiotowe: | |
| Etykiety: |
Dodaj etykietę
Nie ma etykietki, Dołącz pierwszą etykiete!
|
MARC
| LEADER | 00000nam a2200000 a 4500 | ||
|---|---|---|---|
| 001 | UCH9954 | ||
| 003 | CL-VaPUC | ||
| 008 | 100304e20050000UK |||||||||||||||||eng|d | ||
| 020 | |a 9780470870013 | ||
| 082 | 0 | 4 | |a 910.285 |b LON |2 21 |
| 100 | |a Longley, Paul A. |e autor |9 547273 | ||
| 700 | 0 | |a Goodchild, Michael F |e author |9 547274 | |
| 700 | 0 | |a Maguire, David J |e author |9 547275 | |
| 700 | 0 | |a Rhind, David W |e author |9 547276 | |
| 245 | 1 | 0 | |a Geographical information systems and science |
| 250 | |a 2a. ed | ||
| 300 | |a 517 p | ||
| 942 | |c BK | ||
| 945 | |d 20100304 00:00:00 |a cmena | ||
| 260 | |a Chichester |b John Wiley & Sons |c 2005 | ||
| 650 | 0 | |a Sistemas de información geográfica |9 466572 | |
| 650 | 0 | |a Almacenamiento de información |9 415480 | |
| 650 | 0 | |a Proceso de datos |9 259776 | |
| 650 | 7 | |a GEOGRAFIA MUNDIAL |2 CL-VaPUC |9 367009 | |
| 583 | |a last modification |c 20100304 00:00:00 |k Rodrigo Vera | ||
| 999 | |c 339776 |d 339774 | ||
| 952 | |0 0 |1 0 |4 0 |6 910_285000000000000_LON_2005 |7 0 |8 A |9 433658 |a BIBGIM |b BIBGIM |d 2019-11-22 |i 4644115 |o 910.285 LON 2005 |p 4644115 |r 2025-01-15 |w 2019-11-22 |y BK |k EST | ||
| 952 | |0 0 |1 0 |4 0 |6 910_285000000000000_LON_2005 |7 0 |8 A |9 433659 |a BIBGIM |b BIBGIM |d 2019-11-22 |i 4644123 |o 910.285 LON 2005 |p 4644123 |r 2025-01-15 |w 2019-11-22 |y BK |k EST | ||